| 000 | 00947cab a2200289 4500 | ||
|---|---|---|---|
| 001 | ABS56066 | ||
| 008 | 090401t1996 xxu||||| |||| 00| 0 eng d | ||
| 035 | _a(Sirsi) u20855 | ||
| 041 | _aeng | ||
| 100 | _aMacLeod, M. | ||
| 245 | _aDrawing on the net | ||
| 260 | _c1996 | ||
| 350 | _a0 | ||
| 490 |
_aMunicipal Journal _v1 November 1996, 22-23(2) |
||
| 520 | _aDescribes Wandworth`s planning office which has planning drawings, applications and associated documents available via the internet as its office could not cope with the number of visitors wishing to see plans. | ||
| 650 | _aACCESS TO INFORMATION | ||
| 650 | _aELECTRONIC DOCUMENT DELIVERY | ||
| 650 | _aELECTRONIC PLANNING SYSTEMS | ||
| 650 | _aINTERNET | ||
| 650 | _aLOCAL AUTHORITIES | ||
| 650 | _aPLANNING APPLICATIONS | ||
| 650 | _aPLANNING DECISIONS | ||
| 650 | _aWANDSWORTH LBC | ||
| 690 | _aPLANNING LAW AND PRACTICE | ||
| 942 | _n0 | ||
| 948 | _c04/03/1997 | ||
| 999 |
_c13980 _d13980 |
||